=LDR 00000nam 2200000 4500 =001 INLIS000000000046515 =005 20201117085512 =035 ##$$a 0010-031500000000287 =008 201117################g##########0#ind## =020 ##$$a 979-416-578-6 =082 ##$$a 323.6 =090 ##$$a 323.6 Kwi m =100 #$$a Kwik Kian Gie =245 1#$$a Masalah pri dan nonpri dewasa ini /$c Drs, Kwik Kian Gie, Dr, Nurcholish Madfjid =260 ##$$a Jakarta :$b Pustaka Sinar Harapan,$c 1998 =300 ##$$a 74 hlm ; $c 20 x 14 cm =700 #$$a Nurcholish Madjid =084 ##$$a 323.6 KWI m =250 ##$$a cet.1 =650 #4$$a Permasalahan dewasa ini =990 ##$$a DW99006859